<?xml version="1.0" encoding="UTF-8"?>
<record
    xmlns:xsi="http://www.w3.org/2001/XMLSchema-instance"
    xsi:schemaLocation="http://www.loc.gov/MARC21/slim http://www.loc.gov/standards/marcxml/schema/MARC21slim.xsd"
    xmlns="http://www.loc.gov/MARC21/slim">

  <leader>01617nam a2200205Ia 4500</leader>
  <controlfield tag="001">b4570-29498 </controlfield>
  <controlfield tag="003">IT-MiCISF</controlfield>
  <controlfield tag="008">161014s9999||||xx |||||||||||||| ||und||</controlfield>
  <datafield tag="040" ind1=" " ind2=" ">
    <subfield code="a">IT-MiCISF</subfield>
    <subfield code="c">IT-MiCISF</subfield>
  </datafield>
  <datafield tag="041" ind1=" " ind2=" ">
    <subfield code="a">it</subfield>
  </datafield>
  <datafield tag="100" ind1=" " ind2=" ">
    <subfield code="a">Bressan Nicoletta</subfield>
  </datafield>
  <datafield tag="245" ind1=" " ind2="0">
    <subfield code="a">Sulla loro pelle</subfield>
    <subfield code="b">Il dramma della prostituzione infantile nel mondo. Una denuncia per vincere l'indifferenza</subfield>
  </datafield>
  <datafield tag="250" ind1=" " ind2=" ">
    <subfield code="a">1a ed.</subfield>
  </datafield>
  <datafield tag="260" ind1=" " ind2=" ">
    <subfield code="a"> S. Pietro in Cariano (Vr)</subfield>
    <subfield code="b">Il Segno dei Gabrielli Editore</subfield>
    <subfield code="c">1999</subfield>
  </datafield>
  <datafield tag="300" ind1=" " ind2=" ">
    <subfield code="a">pp. 222</subfield>
  </datafield>
  <datafield tag="500" ind1=" " ind2=" ">
    <subfield code="a"> / prostituzione, infanzia, societ&#xE0;, abuso-sessuale, pornografia, diritti-bambino, aids / In quasi tutti i Paesi, meta del turismo internazionale, dall'Estremo Oriente all'America Latina e, secondo dati recenti, anche in Europa, la prostituzione infantile sta crescendo in modo preoccupante. Un affare da 5 miliardi di dollari che conta circa un milione di nuovi bambini ogni anno. Scopo del libro, di fronte a questo immenso dramma, &#xE8; quello di promuovere una presa di coscienza pi&#xF9; diffusa, offrendo una lettura globale del fenomeno della prostituzione infantile. Il testo denuncia i crimini commessi sui minori riportando le drammatiche storie degli abusi che sono costretti a subire. Espone le principali cause che contribuiscono al permanere di questo fenomeno, tra cui il mondo del pedofilo, le sue organizzazioni internazionali e il turismo a scopo sessuale. Ripercorre, infine, le rotte del traffico mondiale in cui anche l'Italia &#xE8; coinvolta. Il volume &#xE8; corredato da un'ampia bibliografia italiana ed estera.</subfield>
  </datafield>
  <datafield tag="650" ind1=" " ind2=" ">
    <subfield code="a">societ&#xE0;</subfield>
  </datafield>
  <datafield tag="942" ind1=" " ind2=" ">
    <subfield code="c">BK</subfield>
  </datafield>
  <datafield tag="957" ind1=" " ind2=" ">
    <subfield code="7">1</subfield>
  </datafield>
  <datafield tag="999" ind1=" " ind2=" ">
    <subfield code="a">29498</subfield>
    <subfield code="b">si</subfield>
    <subfield code="g">1</subfield>
    <subfield code="c">212677</subfield>
    <subfield code="d">212677</subfield>
  </datafield>
  <datafield tag="952" ind1=" " ind2=" ">
    <subfield code="0">0</subfield>
    <subfield code="1">0</subfield>
    <subfield code="4">0</subfield>
    <subfield code="6">B_457029498</subfield>
    <subfield code="7">1</subfield>
    <subfield code="a">CISF</subfield>
    <subfield code="b">CISF</subfield>
    <subfield code="d">2016-10-14</subfield>
    <subfield code="l">0</subfield>
    <subfield code="o">b4570-29498 </subfield>
    <subfield code="r">2016-10-14 00:00:00</subfield>
    <subfield code="w">2016-10-14</subfield>
    <subfield code="y">BK</subfield>
    <subfield code="z">Data import 15.10.2016 / by Epidotti, Vaglietti</subfield>
  </datafield>
</record>
